000 00475 a2200169 4500
003 OSt
005 20231121115448.0
008 231121b |||||||| |||| 00| 0 eng d
020 _a9789384294878
040 _coclc
082 _a580
_bPAN/A
100 _aPandey, Sanjeev
_99902
245 _aAdvanced Botany Volume I /
_cSanjeev Pandey
260 _aKolkata:
_bBooks and Allied,
_c2019.
300 _a526p
942 _2ddc
_cBK
_h580
_iPAN/A
_k580
_mPAN/A
999 _c43684
_d43684